[Event "Subang Jaya op 12th"]
[Site "Subang Jaya"]
[Date "2024.01.28"]
[Round "5"]
[White "Mohd Afif, Ainul Mardhiah"]
[Black "Mohd Nurul Izani, Kaseh Irsya Dania"]
[Result "0-1"]
[WhiteElo "1525"]
[BlackElo "1343"]
[PlyCount "66"]
[EventDate "2024.01.27"]
[EventType "swiss"]
[EventRounds "8"]
[EventCountry "MAS"]
[SourceTitle "CB06_2024"]
[SourceDate "2024.02.07"]
[SourceVersion "1"]
[SourceVersionDate "2024.02.07"]
[SourceQuality "1"]

1. c4 d5 2. cxd5 Nf6 3. Nf3 Nxd5 4. d4 Bg4 5. Ne5 Bh5 6. Nc3 e6 7. Qb3 Nb6 8. e3 Bd6 9. Qb5+ Ke7 10. Bd2 Bg6 11. Nxg6+ hxg6 12. Ne4 Nc6 13. Rc1 Rh5 14. Qb3 Rc8 15. Bb5 Nb8 16. Be2 Rh8 17. Bf3 N8d7 18. Nc5 Bxc5 19. dxc5 Nd5 20. Bxd5 exd5 21. Qxd5 Nf6 22. Qc4 Qd5 23. Qxd5 Nxd5 24. Bc3 Nxc3 25. Rxc3 Rcd8 26. Ke2 Rd5 27. h3 Rhd8 28. Rc2 f6 29. Rhc1 Ke6 30. b4 a6 31. Rb1 g5 32. a4 g6 33. b5 a5 0-1

[Event "Wch U16 Girls"]
[Site "Montesilvano"]
[Date "2023.11.17"]
[Round "5"]
[White "Mohd Nurul Izani, Kaseh Irsya Dania"]
[Black "Lazovic, Emilija"]
[Result "1/2-1/2"]
[WhiteElo "1291"]
[BlackElo "1690"]
[PlyCount "117"]
[EventDate "2023.11.13"]
[EventType "swiss"]
[EventRounds "11"]
[EventCountry "ITA"]
[SourceTitle "CB48_2023"]
[SourceDate "2023.11.29"]
[SourceVersion "1"]
[SourceVersionDate "2023.11.29"]
[SourceQuality "1"]

1. d4 d5 2. Nf3 Nf6 3. c3 g6 4. Bg5 Bg7 5. e3 0-0 6. Bd3 Nbd7 7. Nbd2 Re8 8. 0-0 e5 9. dxe5 Nxe5 10. Nxe5 Rxe5 11. Nf3 Re8 12. Qd2 c5 13. h3 Bd7 14. Rad1 Bc6 15. Rfe1 Qb6 16. Nh2 Ne4 17. Bxe4 Rxe4 18. Nf1 Rae8 19. Ng3 R4e6 20. Ne2 h6 21. Bh4 Rd6 22. f3 Rd7 23. Bf2 Ba4 24. b3 Bb5 25. Rc1 Red8 26. Nf4 d4 27. exd4 cxd4 28. c4 Bc6 29. Nd3 Qc7 30. Re2 b6 31. Rce1 Kh7 32. Bh4 Rc8 33. Re7 Rcd8 34. Ne5 Rxe7 35. Bxe7 Re8 36. Nxc6 Qxc6 37. Bh4 Rxe1+ 38. Bxe1 Qd6 39. Bf2 d3 40. Be3 Bf8 41. Qc3 Bg7 42. Qd2 Bf6 43. Kf1 Bg5 44. Bxg5 hxg5 45. Ke1 Qd4 46. Kf1 Kg7 47. g3 Kh7 48. Kg2 Qd7 49. g4 Qd6 50. Kf2 Qd4+ 51. Kg2 Kh6 52. h4 f6 53. hxg5+ fxg5 54. Kf1 Kg7 55. Qxg5 d2 56. Qe7+ Kg8 57. Qe8+ Kh7 58. Qe7+ Kg8 59. Qe8+ 1/2-1/2